Manual de psiquiatría / (Registro nro. 1959)
[ vista simple ]
| 000 -CABECERA | |
|---|---|
| campo de control de longitud fija | 01538nam a2200277Ia 4500 |
| 003 - IDENTIFICADOR DEL NÚMERO DE CONTROL | |
| campo de control | AR-RoIUNI |
| 005 - FECHA Y HORA DE LA ÚLTIMA TRANSACCIÓN | |
| campo de control | 20210322110700.0 |
| 007 - CAMPO FIJO DE DESCRIPCIÓN FÍSICA--INFORMACIÓN GENERAL | |
| campo de control de longitud fija | ta |
| 008 - DATOS DE LONGITUD FIJA--INFORMACIÓN GENERAL | |
| campo de control de longitud fija | 150616s2011 ag r 000 0 spa d |
| 020 ## - NÚMERO INTERNACIONAL ESTÁNDAR DEL LIBRO | |
| Número Internacional Estándar del Libro | 9789879083345 |
| 040 ## - FUENTE DE LA CATALOGACIÓN | |
| Lengua de catalogación | spa |
| Centro/agencia transcriptor | AR-RoIUNI |
| Normas de descripción | aarc2 |
| 041 ## - CÓDIGO DE LENGUA | |
| Código de lengua del texto/banda sonora o título independiente | spa |
| 080 ## - NÚMERO DE LA CLASIFICACIÓN DECIMAL UNIVERSAL | |
| Número de la Clasificación Decimal Universal | 616.89 |
| 100 1# - ENTRADA PRINCIPAL--NOMBRE DE PERSONA | |
| Nombre de persona | Marchant, Néstor F., |
| Fechas asociadas al nombre | 1939- |
| 245 10 - MENCIÓN DE TÍTULO | |
| Título | Manual de psiquiatría / |
| Mención de responsabilidad, etc. | Néstor F. Marchant, Alberto Monchablon Espinoza. |
| 250 ## - MENCIÓN DE EDICIÓN | |
| Mención de edición | 1a. ed. |
| 260 ## - PUBLICACIÓN, DISTRIBUCIÓN, ETC. (PIE DE IMPRENTA) | |
| Lugar de publicación, distribución, etc. | Buenos Aires : |
| Nombre del editor, distribuidor, etc. | Salerno, |
| Fecha de publicación, distribución, etc. | 2011. |
| 300 ## - DESCRIPCIÓN FÍSICA | |
| Extensión | 380 p. ; |
| Dimensiones | 24 cm |
| 500 ## - NOTA GENERAL | |
| Nota general | Edición para médicos y alumnos de Medicina. |
| 504 ## - NOTA DE BIBLIOGRAFÍA, ETC. | |
| Bibliografía, etc. | Incluye bibliografía. |
| 505 0# - NOTA DE CONTENIDO CON FORMATO | |
| Nota de contenido con formato | 1. Introducción general -- 2. Semiología psiquiátrica -- 3. Las neurosis -- 4. Trastornos de ansiedad -- 5. Trastorno obseso-compulsivo -- 6. Trastorno por estrés postraumático -- 7. Personalidad normal y sus trastornos -- 8. Trastornos del estado de ánimo. Manía. Suicidio. Trastorno bipolar -- 9. Las esquizofrenias -- 10. Los delirios -- 11. Psicosis sintomáticas -- 12. Las psicosis epilépticas -- 13. Alcoholismo -- 14. Trastornos de la alimentación -- 15. Psiquiatría infanto-juvenil -- 16. Retraso mental -- 17. Conceptos fundamentales en drogadependencia -- 18. Demencias -- 19. La conducta sexual. su psicopatología -- 20. Comunidad terapéutica -- 21. Psicoterapias -- 22. Comunidad terapéutica -- 23. Aspectos legales de la psiquiatría. |
| 650 #4 - PUNTO DE ACCESO ADICIONAL DE MATERIA--TÉRMINO DE MATERIA | |
| Término de materia o nombre geográfico como elemento inicial | PSICOLOGÍA |
| 9 (RLIN) | 108 |
| 650 #4 - PUNTO DE ACCESO ADICIONAL DE MATERIA--TÉRMINO DE MATERIA | |
| Término de materia o nombre geográfico como elemento inicial | PSIQUIATRÍA |
| Subdivisión general | ESTUDIO Y ENSEÑANZA |
| 700 1# - PUNTO DE ACCESO ADICIONAL--NOMBRE DE PERSONA | |
| Nombre de persona | Monchablon Espinoza, Alberto. |
| 942 ## - ELEMENTOS DE PUNTO DE ACCESO ADICIONAL (KOHA) | |
| Tipo de ítem Koha | Libros |
| Fuente del sistema de clasificación o colocación | Clasificación Decimal Universal |
| Estado de retiro | Estado de pérdida | Fuente del sistema de clasificación o colocación | Estado dañado | Excepción de préstamo | Código de colección | Localización permanente | Ubicación/localización actual | Ubicación en estantería | Fecha de adquisición | Número de inventario | Total de préstamos | Signatura topográfica completa | Código de barras | Fecha visto por última vez | Fecha del último préstamo | Número de copia | Precio válido a partir de | Tipo de ítem Koha |
|---|---|---|---|---|---|---|---|---|---|---|---|---|---|---|---|---|---|---|
| Clasificación Decimal Universal | Psicología | BIBLIOTECA RIOBAMBA | BIBLIOTECA RIOBAMBA | BIBLIOTECA RIOBAMBA | 16/06/2015 | 1960 | 2 | 616.89 MAR | 1960 | 10/08/2022 | 14/06/2022 | 1 | 16/06/2015 | Libros |

